NURSING ETHICS ACROSS THE CURRICULUM AND INTO PRACTICE (Record no. 200706)
[ view plain ]
| 000 -LEADER | |
|---|---|
| fixed length control field | 00267nam a2200097Ia 4500 |
| 050 ## - LIBRARY OF CONGRESS CALL NUMBER | |
| Classification number | RT 85 .B88 2008 |
| 100 ## - MAIN ENTRY--PERSONAL NAME | |
| Personal name | BUTTS JANIE B. |
| 245 #0 - TITLE STATEMENT | |
| Title | NURSING ETHICS ACROSS THE CURRICULUM AND INTO PRACTICE |
| 942 ## - ADDED ENTRY ELEMENTS (KOHA) | |
| Koha item type | Long Loan Book |
| Withdrawn status | Lost status | Source of classification or shelving scheme | Damaged status | Not for loan | Collection | Home library | Current library | Shelving location | Date acquired | Inventory number | Total checkouts | Full call number | Barcode | Date last seen | Copy number | Price effective from | Koha item type |
|---|---|---|---|---|---|---|---|---|---|---|---|---|---|---|---|---|---|
| Library of Congress Classification | Medicine | Kisii University Library | Kisii University Library | On Display | 09/15/2023 | 41256 | RT 85 .B88 2008 | 000000018635 | 09/15/2023 | C. 23 | 09/15/2023 | Long Loan Book |